00259nam a2200109Ia 4500008004100000100002200041245003000063260002200093650001000115942000700125999001700132190216s9999||||xx |||||||||||||| ||und|| aUmakanth Malavika 0aHindi-Balidhani Vidharthi bAdhunik Prakashan aHindi cBK c15284d15284